000 00379nam a2200145Ia 4500
008 230917s9999||||xx |||||||||||||| ||und||
040 _e194606
_aMAIN
041 _aEnglish
082 _a670.285 S19F
100 _aSawhney, G S
245 0 _aFundamentals of computer-aided manufacturing
260 _aNew Delhi
_bI K International
_c2007
300 _avi, 368 p.
942 _cBK
999 _c157724
_d157724